[Event "European Individual Chess Championship 2017"]
[Site "?"]
[Date "2017.06.07"]
[Round "8.31"]
[White "Gabuzyan, Hovhannes"]
[Black "Areshchenko, Alexander"]
[Result "0-1"]
[BlackElo "2677"]
[WhiteElo "2570"]
[LiveChessVersion "1.4.8"]

1. e4 {[%clk 1:28:45]} c5 {[%clk 1:30:56]} 2. Nf3 {[%clk 1:29:12]} d6
{[%clk 1:31:24]} 3. d4 {[%clk 1:29:38]} cxd4 {[%clk 1:31:51]} 4. Nxd4
{[%clk 1:30:04]} Nf6 {[%clk 1:32:17]} 5. Nc3 {[%clk 1:30:31]} a6 {[%clk 1:32:44]}
6. h3 {[%clk 1:30:58]} e5 {[%clk 1:32:48]} 7. Nb3 {[%clk 1:31:24]} Be6
{[%clk 1:32:38]} 8. f4 {[%clk 1:31:50]} g6 {[%clk 1:32:06]} 9. Be2
{[%clk 1:32:17]} Nbd7 {[%clk 1:31:49]} 10. O-O {[%clk 1:32:44]} Rc8
{[%clk 1:31:27]} 11. Be3 {[%clk 1:32:29]} Be7 {[%clk 1:23:22]} 12. Qe1
{[%clk 1:32:39]} exf4 {[%clk 1:12:34]} 13. Bxf4 {[%clk 1:33:05]} O-O
{[%clk 1:04:53]} 14. Rd1 {[%clk 1:33:31]} Ne8 {[%clk 0:51:55]} 15. Kh1
{[%clk 1:32:32]} Bf6 {[%clk 0:41:32]} 16. Nd4 {[%clk 1:32:19]} Ne5
{[%clk 0:39:55]} 17. Qg3 {[%clk 1:30:01]} Bh4 {[%clk 0:33:40]} 18. Qe3
{[%clk 1:29:40]} Bf6 {[%clk 0:32:36]} 19. Bh6 {[%clk 1:18:37]} Bg7
{[%clk 0:31:49]} 20. Nf5 {[%clk 1:04:19]} gxf5 {[%clk 0:23:45]} 21. exf5
{[%clk 1:04:33]} Bc4 {[%clk 0:22:24]} 22. Bxg7 {[%clk 0:55:29]} Kxg7
{[%clk 0:15:23]} 23. Rd4 {[%clk 0:51:18]} Bxe2 {[%clk 0:13:31]} 24. Nxe2
{[%clk 0:51:37]} Kh8 {[%clk 0:09:02]} 25. Qh6 {[%clk 0:48:41]} Rg8
{[%clk 0:08:05]} 26. f6 {[%clk 0:48:57]} Rg6 {[%clk 0:07:12]} 27. Qf8+
{[%clk 0:49:16]} Rg8 {[%clk 0:07:39]} 28. Qh6 {[%clk 0:49:40]} Ng6
{[%clk 0:07:34]} 29. Rd3 {[%clk 0:38:26]} Rxc2 {[%clk 0:05:03]} 30. Nd4
{[%clk 0:32:31]} Rxg2 {[%clk 0:04:27]} 31. Ne6 {[%clk 0:29:20]} Qa5
{[%clk 0:01:56]} 32. Rd4 {[%clk 0:29:47]} Qe5 {[%clk 0:01:36]} 33. Kxg2
{[%clk 0:29:25]} Qxe6 {[%clk 0:01:26]} 34. Kh1 {[%clk 0:27:43]} Nxf6
{[%clk 0:01:45]} 35. Rd3 {[%clk 0:27:44]} Ne4 {[%clk 0:01:35]} 36. Qe3
{[%clk 0:27:19]} f5 {[%clk 0:01:17]} 37. Rg1 {[%clk 0:27:11]} Qe5
{[%clk 0:01:07]} 38. Qd4 {[%clk 0:25:36]} Qxd4 {[%clk 0:01:17]} 39. Rxd4
{[%clk 0:26:04]} Rc8 {[%clk 0:01:26]} 40. Rd5 {[%clk 0:54:54]} Nh4
{[%clk 0:31:22]} 0-1

[Event "European Individual Chess Championship 2017"]
[Site "?"]
[Date "2017.06.07"]
[Round "8.32"]
[White "Bortnyk, Olexandr"]
[Black "Rakhmanov, Aleksandr"]
[Result "1/2-1/2"]
[BlackElo "2676"]
[WhiteElo "2567"]
[LiveChessVersion "1.4.8"]

1. e4 {[%clk 1:18:49]} e6 {[%clk 1:30:12]} 2. d4 {[%clk 1:18:42]} d5
{[%clk 1:30:35]} 3. Nc3 {[%clk 1:18:50]} Bb4 {[%clk 1:30:09]} 4. e5
{[%clk 1:16:11]} c5 {[%clk 1:29:56]} 5. a3 {[%clk 1:16:28]} Bxc3+
{[%clk 1:30:16]} 6. bxc3 {[%clk 1:16:52]} Qa5 {[%clk 1:29:46]} 7. Bd2
{[%clk 1:16:37]} Qa4 {[%clk 1:29:37]} 8. Qb1 {[%clk 1:16:37]} c4 {[%clk 1:29:08]}
9. Nh3 {[%clk 1:14:35]} Nc6 {[%clk 1:27:01]} 10. Nf4 {[%clk 1:03:08]} Bd7
{[%clk 1:22:24]} 11. Be2 {[%clk 0:53:54]} O-O-O {[%clk 1:19:49]} 12. O-O
{[%clk 0:48:43]} f6 {[%clk 0:50:07]} 13. Bg4 {[%clk 0:45:16]} f5 {[%clk 0:45:20]}
14. Be2 {[%clk 0:40:29]} Nge7 {[%clk 0:40:12]} 15. Qc1 {[%clk 0:34:44]} Rhg8
{[%clk 0:37:10]} 16. h4 {[%clk 0:33:05]} Rdf8 {[%clk 0:32:15]} 17. g3
{[%clk 0:32:48]} Nd8 {[%clk 0:32:02]} 18. Kg2 {[%clk 0:32:41]} Be8
{[%clk 0:32:04]} 19. Rh1 {[%clk 0:31:52]} Ng6 {[%clk 0:31:09]} 20. Nh3
{[%clk 0:27:51]} Ne7 {[%clk 0:27:09]} 21. Rb1 {[%clk 0:26:26]} Nec6
{[%clk 0:25:57]} 22. Nf4 {[%clk 0:25:50]} Bd7 {[%clk 0:25:00]} 23. Bf3
{[%clk 0:24:26]} Re8 {[%clk 0:24:33]} 24. Qb2 {[%clk 0:21:11]} b6
{[%clk 0:24:41]} 25. Rbe1 {[%clk 0:21:11]} Ne7 {[%clk 0:23:13]} 26. Rb1
{[%clk 0:16:50]} Nec6 {[%clk 0:22:18]} 27. Qc1 {[%clk 0:16:21]} Nf7
{[%clk 0:22:09]} 28. Re1 {[%clk 0:15:52]} Nfd8 {[%clk 0:21:42]} 29. Nh3
{[%clk 0:15:16]} Ref8 {[%clk 0:18:36]} 30. Qb2 {[%clk 0:15:19]} Ne7
{[%clk 0:14:53]} 31. Qb4 {[%clk 0:14:16]} Qxb4 {[%clk 0:14:27]} 32. axb4
{[%clk 0:13:25]} a6 {[%clk 0:14:10]} 33. Kf1 {[%clk 0:13:39]} Bb5
{[%clk 0:12:08]} 34. Ke2 {[%clk 0:13:18]} Kd7 {[%clk 0:12:19]} 35. Be3
{[%clk 0:12:37]} Nf7 {[%clk 0:12:10]} 36. Kd2 {[%clk 0:12:00]} 1/2-1/2

[Event "European Individual Chess Championship 2017"]
[Site "?"]
[Date "2017.06.07"]
[Round "8.33"]
[White "Predke, Alexandr"]
[Black "Safarli, Eltaj"]
[Result "1/2-1/2"]
[BlackElo "2668"]
[WhiteElo "2566"]
[LiveChessVersion "1.4.8"]

1. e4 {[%clk 1:30:54]} e5 {[%clk 1:29:53]} 2. Nf3 {[%clk 1:30:26]} Nc6
{[%clk 1:30:01]} 3. Bb5 {[%clk 1:30:49]} a6 {[%clk 1:30:24]} 4. Ba4
{[%clk 1:31:16]} d6 {[%clk 1:29:55]} 5. O-O {[%clk 1:31:31]} Bd7 {[%clk 1:30:22]}
6. d4 {[%clk 1:31:48]} exd4 {[%clk 1:30:32]} 7. Bxc6 {[%clk 1:32:05]} bxc6
{[%clk 1:28:18]} 8. Qxd4 {[%clk 1:32:24]} c5 {[%clk 1:27:19]} 9. Qd3
{[%clk 1:32:09]} Nf6 {[%clk 1:26:32]} 10. Re1 {[%clk 1:30:03]} Be6
{[%clk 1:05:49]} 11. Nc3 {[%clk 1:20:31]} Be7 {[%clk 1:03:38]} 12. e5
{[%clk 1:05:19]} dxe5 {[%clk 1:01:56]} 13. Nxe5 {[%clk 1:04:11]} Qxd3
{[%clk 0:59:52]} 14. Nxd3 {[%clk 1:02:24]} O-O {[%clk 0:59:53]} 15. Nf4
{[%clk 0:53:45]} Bd6 {[%clk 1:00:17]} 16. Nxe6 {[%clk 0:53:59]} Rfe8
{[%clk 1:00:22]} 17. Bd2 {[%clk 0:51:03]} Rxe6 {[%clk 0:58:15]} 18. Rxe6
{[%clk 0:50:11]} fxe6 {[%clk 0:58:41]} 19. Re1 {[%clk 0:49:42]} Rd8
{[%clk 0:49:46]} 20. Re2 {[%clk 0:49:05]} c4 {[%clk 0:37:02]} 21. g3
{[%clk 0:47:55]} Kf7 {[%clk 0:29:21]} 22. Kg2 {[%clk 0:47:22]} h6
{[%clk 0:29:33]} 23. Ne4 {[%clk 0:34:06]} Be5 {[%clk 0:25:52]} 24. Bc3
{[%clk 0:29:51]} Bxc3 {[%clk 0:26:06]} 25. Nxc3 {[%clk 0:30:14]} Rb8
{[%clk 0:26:10]} 26. Nd1 {[%clk 0:21:23]} Rd8 {[%clk 0:22:17]} 27. Ne3
{[%clk 0:17:05]} c3 {[%clk 0:22:15]} 28. b3 {[%clk 0:17:32]} c5 {[%clk 0:19:40]}
29. Nc4 {[%clk 0:16:33]} Rd1 {[%clk 0:19:17]} 30. Nb6 {[%clk 0:10:22]} Rd2
{[%clk 0:12:08]} 31. Kf3 {[%clk 0:10:44]} Ng4 {[%clk 0:11:54]} 32. Rxd2
{[%clk 0:08:23]} cxd2 {[%clk 0:12:19]} 33. Ke2 {[%clk 0:08:51]} Nxf2
{[%clk 0:11:57]} 34. Kxd2 {[%clk 0:09:14]} Ke7 {[%clk 0:10:48]} 35. Nc4
{[%clk 0:05:05]} Ng4 {[%clk 0:10:38]} 36. h4 {[%clk 0:05:12]} Nf6
{[%clk 0:10:01]} 37. Ke2 {[%clk 0:04:14]} Ne4 {[%clk 0:07:07]} 38. Kf3
{[%clk 0:04:40]} Nc3 {[%clk 0:07:30]} 39. a3 {[%clk 0:04:51]} Nb5
{[%clk 0:04:28]} 40. Ke4 {[%clk 0:34:29]} Nc3+ {[%clk 0:33:36]} 41. Kd3
{[%clk 0:30:51]} Nd5 {[%clk 0:31:31]} 42. Nd2 {[%clk 0:17:01]} Kd6
{[%clk 0:31:56]} 43. Ne4+ {[%clk 0:17:27]} Kc6 {[%clk 0:32:23]} 44. c4
{[%clk 0:17:47]} Ne7 {[%clk 0:29:32]} 45. b4 {[%clk 0:17:57]} cxb4
{[%clk 0:28:58]} 46. axb4 {[%clk 0:18:23]} h5 {[%clk 0:20:24]} 47. Kc3
{[%clk 0:03:46]} Nf5 {[%clk 0:18:04]} 48. Kb3 {[%clk 0:03:24]} e5
{[%clk 0:14:16]} 49. Ka4 {[%clk 0:02:58]} Kb6 {[%clk 0:14:41]} 50. Kb3
{[%clk 0:00:38]} Kc6 {[%clk 0:15:07]} 51. Ka4 {[%clk 0:01:05]} Kb6
{[%clk 0:15:35]} 52. c5+ {[%clk 0:01:02]} Kc6 {[%clk 0:16:02]} 53. Ka5
{[%clk 0:01:13]} Kd5 {[%clk 0:13:25]} 54. Ng5 {[%clk 0:00:35]} e4
{[%clk 0:12:17]} 55. Kxa6 {[%clk 0:00:51]} e3 {[%clk 0:12:16]} 56. Kb6
{[%clk 0:00:36]} e2 {[%clk 0:03:05]} 57. Nf3 {[%clk 0:01:01]} Kc4
{[%clk 0:02:09]} 58. c6 {[%clk 0:01:16]} Kxb4 {[%clk 0:01:36]} 59. c7
{[%clk 0:01:21]} Ne7 {[%clk 0:01:50]} 60. Nd4 {[%clk 0:01:39]} Nd5+
{[%clk 0:01:58]} 61. Kc6 {[%clk 0:01:04]} Nxc7 {[%clk 0:01:55]} 62. Kxc7
{[%clk 0:00:33]} e1=N {[%clk 0:01:36]} 63. Ne6 {[%clk 0:00:41]} g6
{[%clk 0:01:41]} 64. Kd6 {[%clk 0:00:40]} Kc4 {[%clk 0:01:28]} 65. Ke5
{[%clk 0:00:50]} Kd3 {[%clk 0:01:38]} 66. Kf4 {[%clk 0:00:37]} Ke2
{[%clk 0:02:04]} 67. Nf8 {[%clk 0:00:36]} Kf2 {[%clk 0:01:47]} 68. Nxg6
{[%clk 0:00:51]} Ng2+ {[%clk 0:02:13]} 69. Kg5 {[%clk 0:01:16]} Kxg3
{[%clk 0:02:39]} 70. Kxh5 {[%clk 0:01:40]} Nxh4 1/2-1/2

[Event "European Individual Chess Championship 2017"]
[Site "?"]
[Date "2017.06.07"]
[Round "8.34"]
[White "Grandelius, Nils"]
[Black "Sadzikowski, Daniel"]
[Result "1/2-1/2"]
[BlackElo "2548"]
[WhiteElo "2665"]
[LiveChessVersion "1.4.8"]

1. e4 {[%clk 1:30:34]} e5 {[%clk 1:30:49]} 2. Nf3 {[%clk 1:30:28]} Nc6
{[%clk 1:31:11]} 3. Bb5 {[%clk 1:30:45]} a6 {[%clk 1:31:31]} 4. Ba4
{[%clk 1:31:04]} Nf6 {[%clk 1:31:54]} 5. O-O {[%clk 1:31:29]} Be7
{[%clk 1:32:17]} 6. Re1 {[%clk 1:31:18]} b5 {[%clk 1:32:39]} 7. Bb3
{[%clk 1:31:42]} d6 {[%clk 1:32:59]} 8. c3 {[%clk 1:32:06]} O-O {[%clk 1:33:22]}
9. h3 {[%clk 1:32:32]} Bb7 {[%clk 1:32:30]} 10. d4 {[%clk 1:32:07]} Re8
{[%clk 1:31:58]} 11. Nbd2 {[%clk 1:31:53]} exd4 {[%clk 1:31:47]} 12. cxd4
{[%clk 1:31:21]} Nd7 {[%clk 1:31:55]} 13. Nf1 {[%clk 1:29:27]} Na5
{[%clk 1:32:03]} 14. Bc2 {[%clk 1:29:04]} Bf6 {[%clk 1:32:21]} 15. Ng3
{[%clk 1:28:14]} g6 {[%clk 1:32:43]} 16. Bh6 {[%clk 1:26:43]} Nc4
{[%clk 1:32:18]} 17. b3 {[%clk 1:25:29]} Na3 {[%clk 1:29:00]} 18. Bd3
{[%clk 1:22:52]} c5 {[%clk 1:28:54]} 19. Bf4 {[%clk 1:16:56]} cxd4
{[%clk 1:24:11]} 20. Bxd6 {[%clk 1:13:56]} Be7 {[%clk 1:23:40]} 21. Bxe7
{[%clk 1:07:11]} Qxe7 {[%clk 1:09:40]} 22. Qd2 {[%clk 1:04:47]} Nc5
{[%clk 0:46:59]} 23. Rad1 {[%clk 0:59:58]} Rad8 {[%clk 0:44:09]} 24. Qh6
{[%clk 0:44:57]} b4 {[%clk 0:38:24]} 25. Nh2 {[%clk 0:25:09]} Nxd3
{[%clk 0:27:44]} 26. Rxd3 {[%clk 0:25:36]} f5 {[%clk 0:28:00]} 27. Red1
{[%clk 0:18:44]} Bxe4 {[%clk 0:25:33]} 28. Rxd4 {[%clk 0:19:07]} Rxd4
{[%clk 0:23:41]} 29. Rxd4 {[%clk 0:19:13]} Nb5 {[%clk 0:24:00]} 30. Rd2
{[%clk 0:16:20]} Nc3 {[%clk 0:23:24]} 31. Nhf1 {[%clk 0:12:34]} Bb1
{[%clk 0:21:02]} 32. Qf4 {[%clk 0:09:38]} Bxa2 {[%clk 0:19:40]} 33. Qc4+
{[%clk 0:09:55]} Qe6 {[%clk 0:17:45]} 34. Qxb4 {[%clk 0:10:22]} Qxb3
{[%clk 0:17:57]} 35. Qa5 {[%clk 0:08:57]} f4 {[%clk 0:17:04]} 36. Nh5
{[%clk 0:06:11]} gxh5 {[%clk 0:02:25]} 37. Qg5+ {[%clk 0:06:23]} Kf7
{[%clk 0:01:13]} 38. Qf5+ {[%clk 0:06:26]} Kg8 {[%clk 0:01:30]} 39. Qg5+
{[%clk 0:06:51]} Kf7 {[%clk 0:01:54]} 40. Qxh5+ {[%clk 0:35:54]} Kf8
{[%clk 0:31:15]} 41. Qh6+ {[%clk 0:31:31]} Kg8 {[%clk 0:30:41]} 42. Qg5+
{[%clk 0:30:17]} Kf8 {[%clk 0:29:11]} 43. Qxf4+ {[%clk 0:26:26]} Kg8
{[%clk 0:29:27]} 44. Qg5+ {[%clk 0:21:25]} Kf8 {[%clk 0:29:43]} 45. Qh6+
{[%clk 0:06:43]} Kg8 {[%clk 0:28:56]} 46. Qg5+ {[%clk 0:07:12]} Kf8
{[%clk 0:29:15]} 47. Rd7 {[%clk 0:06:44]} Ne2+ {[%clk 0:29:35]} 48. Kh2
{[%clk 0:07:11]} Qb8+ {[%clk 0:20:34]} 49. Ng3 {[%clk 0:07:13]} Qe5
{[%clk 0:20:46]} 50. Qh6+ {[%clk 0:07:37]} Kg8 {[%clk 0:21:06]} 51. Qxh7+
{[%clk 0:08:01]} Kf8 {[%clk 0:21:26]} 52. Qh6+ {[%clk 0:07:26]} Kg8
{[%clk 0:21:54]} 53. Qg6+ {[%clk 0:04:43]} Kf8 {[%clk 0:22:15]} 54. Qh6+
{[%clk 0:03:59]} Kg8 {[%clk 0:22:16]} 55. Qxa6 {[%clk 0:03:31]} Be6
{[%clk 0:17:36]} 56. Rd3 {[%clk 0:03:56]} Nxg3 {[%clk 0:17:58]} 57. Rxg3+
{[%clk 0:04:23]} Kf7 {[%clk 0:17:33]} 58. Qb7+ {[%clk 0:04:21]} Re7
{[%clk 0:17:16]} 59. Qf3+ {[%clk 0:04:25]} Bf5 {[%clk 0:15:24]} 60. Qh5+
{[%clk 0:04:49]} Ke6 {[%clk 0:14:31]} 61. Qh6+ {[%clk 0:05:04]} Kd7
{[%clk 0:12:00]} 62. f4 {[%clk 0:04:56]} Qd6 {[%clk 0:11:41]} 63. Qg5
{[%clk 0:04:08]} Be4 {[%clk 0:11:10]} 64. Qb5+ {[%clk 0:03:27]} Bc6
{[%clk 0:11:24]} 65. Qf5+ {[%clk 0:03:30]} Kc7 {[%clk 0:10:33]} 66. Qa5+
{[%clk 0:03:16]} Kd7 {[%clk 0:10:17]} 67. Qf5+ {[%clk 0:03:04]} Kc7
{[%clk 0:10:44]} 68. Rg6 {[%clk 0:01:58]} Qd5 {[%clk 0:10:04]} 69. Qxd5
{[%clk 0:01:18]} Bxd5 {[%clk 0:10:32]} 70. g4 {[%clk 0:01:06]} Re3
{[%clk 0:10:36]} 71. f5 {[%clk 0:01:32]} Kd7 {[%clk 0:08:09]} 72. h4
{[%clk 0:02:00]} Ke7 {[%clk 0:07:33]} 73. h5 {[%clk 0:02:28]} Bf7
{[%clk 0:06:25]} 74. Rg7 {[%clk 0:02:01]} Kf6 {[%clk 0:05:40]} 75. h6
{[%clk 0:02:26]} Re8 {[%clk 0:04:20]} 76. Rh7 {[%clk 0:01:14]} Bg6
{[%clk 0:04:00]} 77. Ra7 {[%clk 0:00:48]} Bxf5 {[%clk 0:04:17]} 78. gxf5
{[%clk 0:01:15]} Kxf5 {[%clk 0:04:35]} 79. Kg3 {[%clk 0:01:33]} Ke5 1/2-1/2

[Event "European Individual Chess Championship 2017"]
[Site "?"]
[Date "2017.06.07"]
[Round "8.35"]
[White "Zvjaginsev, Vadim"]
[Black "Gorovets, Andrey"]
[Result "1/2-1/2"]
[BlackElo "2524"]
[WhiteElo "2661"]
[LiveChessVersion "1.4.8"]

1. e4 {[%clk 1:29:27]} c5 {[%clk 1:30:54]} 2. Nf3 {[%clk 1:29:54]} e6
{[%clk 1:31:15]} 3. c3 {[%clk 1:30:13]} d5 {[%clk 1:31:29]} 4. exd5
{[%clk 1:30:08]} Qxd5 {[%clk 1:31:47]} 5. d4 {[%clk 1:30:11]} Nf6
{[%clk 1:31:59]} 6. Na3 {[%clk 1:28:28]} Nc6 {[%clk 1:28:59]} 7. Be3
{[%clk 1:25:40]} cxd4 {[%clk 1:25:34]} 8. Nb5 {[%clk 1:25:47]} Qd8
{[%clk 1:23:06]} 9. Nbxd4 {[%clk 1:26:06]} Nd5 {[%clk 1:21:51]} 10. Nxc6
{[%clk 1:25:00]} bxc6 {[%clk 1:22:19]} 11. Bd2 {[%clk 1:24:10]} Qc7
{[%clk 1:18:37]} 12. c4 {[%clk 1:20:19]} Nf6 {[%clk 1:17:23]} 13. Bd3
{[%clk 1:14:51]} Bb7 {[%clk 1:10:52]} 14. Qa4 {[%clk 1:11:11]} Nd7
{[%clk 1:02:12]} 15. Qa5 {[%clk 1:08:55]} Qxa5 {[%clk 0:57:04]} 16. Bxa5
{[%clk 1:05:57]} c5 {[%clk 0:50:44]} 17. O-O-O {[%clk 0:59:59]} Bd6
{[%clk 0:49:13]} 18. Be4 {[%clk 0:47:23]} Bxe4 {[%clk 0:40:49]} 19. Rxd6
{[%clk 0:47:46]} Bxf3 {[%clk 0:41:05]} 20. gxf3 {[%clk 0:47:40]} Ne5
{[%clk 0:40:48]} 21. Bc3 {[%clk 0:35:30]} Nxc4 {[%clk 0:39:53]} 22. Rc6
{[%clk 0:35:52]} O-O {[%clk 0:39:00]} 23. Rg1 {[%clk 0:32:51]} g6
{[%clk 0:38:27]} 24. Rg4 {[%clk 0:30:22]} Nb6 {[%clk 0:38:45]} 25. Rxc5
{[%clk 0:30:46]} Rac8 {[%clk 0:34:20]} 26. Rxc8 {[%clk 0:30:56]} Rxc8
{[%clk 0:34:49]} 27. Kd2 {[%clk 0:28:40]} 1/2-1/2

[Event "European Individual Chess Championship 2017"]
[Site "?"]
[Date "2017.06.07"]
[Round "8.36"]
[White "Grachev, Boris"]
[Black "Sanikidze, Tornike"]
[Result "1-0"]
[BlackElo "2518"]
[WhiteElo "2658"]
[LiveChessVersion "1.4.8"]

1. d4 {[%clk 1:30:48]} Nf6 {[%clk 1:30:40]} 2. Nf3 {[%clk 1:30:51]} e6
{[%clk 1:30:44]} 3. c4 {[%clk 1:31:15]} d5 {[%clk 1:31:02]} 4. g3
{[%clk 1:31:35]} dxc4 {[%clk 1:31:14]} 5. Bg2 {[%clk 1:32:00]} Nc6
{[%clk 1:31:31]} 6. Qa4 {[%clk 1:31:52]} Bb4+ {[%clk 1:31:41]} 7. Bd2
{[%clk 1:32:18]} Bd6 {[%clk 1:30:36]} 8. Na3 {[%clk 1:31:14]} O-O
{[%clk 1:15:23]} 9. Nxc4 {[%clk 1:29:28]} Ne4 {[%clk 1:11:26]} 10. Be3
{[%clk 1:22:35]} Bb4+ {[%clk 1:07:48]} 11. Kf1 {[%clk 1:23:01]} Nf6
{[%clk 1:07:09]} 12. Nce5 {[%clk 1:09:46]} Nxe5 {[%clk 1:06:19]} 13. Qxb4
{[%clk 1:06:26]} Nd5 {[%clk 0:55:52]} 14. Qb3 {[%clk 1:05:02]} Nxf3
{[%clk 0:56:14]} 15. Bxf3 {[%clk 1:05:21]} b6 {[%clk 0:55:05]} 16. Kg2
{[%clk 0:59:55]} Bb7 {[%clk 0:54:59]} 17. Rhd1 {[%clk 0:58:47]} f5
{[%clk 0:50:38]} 18. Kg1 {[%clk 0:57:36]} g5 {[%clk 0:50:16]} 19. Bd2
{[%clk 0:52:00]} Qf6 {[%clk 0:46:38]} 20. Be1 {[%clk 0:38:00]} Qg6
{[%clk 0:38:32]} 21. Qc2 {[%clk 0:32:50]} g4 {[%clk 0:25:15]} 22. Bg2
{[%clk 0:32:06]} Qh5 {[%clk 0:25:39]} 23. e4 {[%clk 0:19:33]} fxe4
{[%clk 0:12:46]} 24. Qxe4 {[%clk 0:19:46]} Rf6 {[%clk 0:13:12]} 25. Bd2
{[%clk 0:18:09]} Raf8 {[%clk 0:11:27]} 26. Rf1 {[%clk 0:18:18]} Ba6
{[%clk 0:06:01]} 27. Rfd1 {[%clk 0:07:55]} R8f7 {[%clk 0:04:27]} 28. Rf1
{[%clk 0:05:29]} Bxf1 {[%clk 0:02:41]} 29. Rxf1 {[%clk 0:05:55]} Qf5
{[%clk 0:01:25]} 30. Qe2 {[%clk 0:06:11]} Qc2 {[%clk 0:01:26]} 31. Qxg4+
{[%clk 0:02:53]} Rg6 {[%clk 0:01:36]} 32. Qe2 {[%clk 0:02:20]} Qxb2
{[%clk 0:01:56]} 33. Qd3 {[%clk 0:02:32]} Nb4 {[%clk 0:00:41]} 34. Bxb4
{[%clk 0:01:59]} Qxb4 {[%clk 0:01:07]} 35. Qe3 {[%clk 0:01:58]} Qd6
{[%clk 0:00:34]} 36. Rc1 {[%clk 0:01:45]} Rd7 {[%clk 0:00:49]} 37. Be4
{[%clk 0:01:32]} Rgg7 {[%clk 0:00:33]} 38. d5 {[%clk 0:01:38]} Rde7
{[%clk 0:00:34]} 39. Rc6 {[%clk 0:01:46]} Qd8 {[%clk 0:00:33]} 40. dxe6
{[%clk 0:31:47]} a5 {[%clk 0:30:39]} 41. Kg2 {[%clk 0:23:57]} Re8
{[%clk 0:30:30]} 42. Qc3 {[%clk 0:19:06]} Rf8 {[%clk 0:27:31]} 43. a4
{[%clk 0:12:04]} Re7 {[%clk 0:07:20]} 44. h4 {[%clk 0:09:41]} h6 {[%clk 0:01:39]}
45. Qe5 {[%clk 0:02:09]} Qd2 {[%clk 0:01:18]} 46. Bf5 {[%clk 0:02:17]} Qb4
{[%clk 0:00:46]} 47. Bd3 {[%clk 0:00:56]} Qd2 {[%clk 0:00:50]} 48. Bf5
{[%clk 0:01:22]} Qb4 {[%clk 0:01:18]} 49. Bd3 {[%clk 0:01:28]} Qd2
{[%clk 0:01:11]} 50. Be2 {[%clk 0:01:11]} Qe1 {[%clk 0:00:56]} 51. Qe3
{[%clk 0:01:02]} Rf6 {[%clk 0:01:12]} 52. Qd4 {[%clk 0:00:42]} Rf8
{[%clk 0:00:41]} 53. Bc4 {[%clk 0:00:34]} Qb4 {[%clk 0:00:43]} 54. Qg4+
{[%clk 0:00:52]} Rg7 {[%clk 0:01:12]} 55. e7+ {[%clk 0:01:04]} 1-0

[Event "European Individual Chess Championship 2017"]
[Site "?"]
[Date "2017.06.07"]
[Round "8.37"]
[White "Kryakvin, Dmitry"]
[Black "Kravtsiv, Martyn"]
[Result "0-1"]
[BlackElo "2653"]
[WhiteElo "2560"]
[LiveChessVersion "1.4.8"]

1. c4 {[%clk 1:30:55]} Nf6 {[%clk 1:30:40]} 2. g3 {[%clk 1:31:18]} e6
{[%clk 1:30:07]} 3. Bg2 {[%clk 1:31:39]} d5 {[%clk 1:30:28]} 4. Nf3
{[%clk 1:32:05]} dxc4 {[%clk 1:29:41]} 5. Qa4+ {[%clk 1:31:05]} Nbd7
{[%clk 1:30:01]} 6. Qxc4 {[%clk 1:30:10]} c5 {[%clk 1:29:54]} 7. O-O
{[%clk 1:28:57]} b6 {[%clk 1:27:44]} 8. Ng5 {[%clk 1:20:44]} Rb8 {[%clk 1:26:10]}
9. Nc3 {[%clk 1:12:23]} h6 {[%clk 1:13:24]} 10. Nge4 {[%clk 1:10:42]} Nxe4
{[%clk 1:12:26]} 11. Nxe4 {[%clk 1:08:36]} Bb7 {[%clk 0:44:26]} 12. d3
{[%clk 1:06:49]} Be7 {[%clk 0:43:05]} 13. Qa4 {[%clk 0:57:53]} a6
{[%clk 0:42:00]} 14. Bf4 {[%clk 0:55:38]} e5 {[%clk 0:41:24]} 15. Be3
{[%clk 0:53:08]} O-O {[%clk 0:40:46]} 16. f4 {[%clk 0:52:01]} b5 {[%clk 0:35:40]}
17. Qb3 {[%clk 0:49:29]} c4 {[%clk 0:22:36]} 18. dxc4 {[%clk 0:48:43]} Bxe4
{[%clk 0:23:01]} 19. Bxe4 {[%clk 0:49:07]} Bc5 {[%clk 0:23:28]} 20. Bf2
{[%clk 0:29:33]} exf4 {[%clk 0:23:03]} 21. Rad1 {[%clk 0:23:49]} Qe7
{[%clk 0:19:24]} 22. Bb1 {[%clk 0:19:54]} Nf6 {[%clk 0:15:48]} 23. Qc2
{[%clk 0:12:52]} fxg3 {[%clk 0:14:19]} 24. hxg3 {[%clk 0:13:10]} bxc4
{[%clk 0:12:31]} 25. Qxc4 {[%clk 0:12:59]} Bxf2+ {[%clk 0:10:58]} 26. Rxf2
{[%clk 0:13:20]} Rxb2 {[%clk 0:08:50]} 27. Rdf1 {[%clk 0:12:04]} Rfb8
{[%clk 0:07:38]} 28. Bd3 {[%clk 0:10:57]} R2b6 {[%clk 0:06:25]} 29. Qf4
{[%clk 0:10:04]} Rb4 {[%clk 0:05:32]} 30. Qf5 {[%clk 0:09:19]} Rg4
{[%clk 0:04:39]} 31. Rf3 {[%clk 0:08:46]} Qd6 {[%clk 0:04:09]} 32. Kg2
{[%clk 0:08:36]} Ra4 {[%clk 0:03:49]} 33. Qh3 {[%clk 0:07:16]} Rxa2
{[%clk 0:03:30]} 34. R1f2 {[%clk 0:07:10]} Qd5 {[%clk 0:03:16]} 35. Kh2
{[%clk 0:05:02]} Ra1 {[%clk 0:03:26]} 36. Qh4 {[%clk 0:03:51]} h5
{[%clk 0:03:10]} 37. Qf4 {[%clk 0:01:45]} Re8 {[%clk 0:02:09]} 38. Kg2
{[%clk 0:02:07]} a5 {[%clk 0:01:52]} 39. e4 {[%clk 0:00:37]} Qe5 {[%clk 0:01:49]}
40. Qxe5 {[%clk 0:30:33]} Rxe5 {[%clk 0:32:13]} 41. Rf5 {[%clk 0:30:47]} Ng4
{[%clk 0:31:47]} 42. Rxe5 {[%clk 0:26:26]} Nxe5 {[%clk 0:32:10]} 43. Ba6
{[%clk 0:26:54]} g6 {[%clk 0:25:41]} 44. Rb2 {[%clk 0:25:16]} Kg7
{[%clk 0:24:08]} 45. Rb5 {[%clk 0:25:20]} Ra2+ {[%clk 0:23:52]} 46. Kf1
{[%clk 0:25:40]} f6 {[%clk 0:17:57]} 47. Bb7 {[%clk 0:24:58]} Ra3
{[%clk 0:16:54]} 48. Kg2 {[%clk 0:24:51]} g5 {[%clk 0:14:50]} 49. Bd5
{[%clk 0:24:45]} h4 {[%clk 0:14:37]} 50. gxh4 {[%clk 0:24:00]} gxh4
{[%clk 0:15:01]} 51. Be6 {[%clk 0:24:26]} a4 {[%clk 0:13:43]} 52. Rb8
{[%clk 0:23:50]} Rg3+ {[%clk 0:13:33]} 53. Kf2 {[%clk 0:23:39]} Nd3+
{[%clk 0:13:56]} 54. Kf1 {[%clk 0:23:54]} a3 {[%clk 0:13:44]} 55. Rg8+
{[%clk 0:18:58]} Kh6 {[%clk 0:13:57]} 56. Ra8 {[%clk 0:17:43]} Ne5
{[%clk 0:13:55]} 57. Rh8+ {[%clk 0:16:19]} Kg5 {[%clk 0:14:08]} 58. Rg8+
{[%clk 0:16:45]} Kf4 {[%clk 0:14:20]} 59. Rf8 {[%clk 0:16:16]} Ke3
{[%clk 0:13:49]} 60. Ra8 {[%clk 0:16:16]} Kf4 {[%clk 0:14:07]} 61. Rf8
{[%clk 0:16:40]} Rf3+ {[%clk 0:13:04]} 62. Kg2 {[%clk 0:16:01]} Kxe4
{[%clk 0:13:05]} 63. Rh8 {[%clk 0:12:10]} Rg3+ {[%clk 0:13:10]} 64. Kf1
{[%clk 0:12:22]} Ke3 {[%clk 0:12:32]} 65. Ra8 {[%clk 0:11:41]} Kf4
{[%clk 0:12:52]} 66. Rh8 {[%clk 0:11:59]} h3 {[%clk 0:11:32]} 67. Rh4+
{[%clk 0:11:11]} Ke3 {[%clk 0:11:07]} 68. Ra4 {[%clk 0:11:32]} h2 0-1